000 00529cam a22002291 4500
001 sa 65009739
003 DLC
005 20260227112204.0
008 940426s1962 ii 000 1 benr
010 _asa 65009739
025 _aPL480:EP-B-899
035 _a(OCoLC)30334241
040 _aDLC
_cCU
_dCU
_dDLC
042 _apremarc
050 0 0 _aPK1718.L8
_bR8
100 0 _aLutfur Rahman.
245 1 0 _aRūpa-śikhā.
260 _c[1962]
300 _a2, 149 p.
_c19 cm.
500 _aIn Bengali.
500 _aA novel.
999 _c66394
_d66394